Missing Word: TV Show Middles (A-Z) Quiz Stats

 Plays Quiz Updated Mar 28, 2018

Challenge
Share
Tweet
Embed
Score 0/25 Timer 04:00
4 Plays Today
Hint Answer % Correct
Game ___ ThronesOf
98%
Lost ___ SpaceIn
97.8%
Six ___ UnderFeet
97.4%
Friday ___ LightsNight
96.5%
Unhappily ___ AfterEver
96.4%
Boy ___ WorldMeets
94.6%
2 ___ GirlsBroke
92.3%
Mad ___ YouAbout
92.2%
Father ___ BestKnows
91.6%
Curb ___ EnthusiasmYour
91.2%
The ___ DoctorGood
90.5%
American ___ StoryHorror
88.9%
Xena: ___ PrincessWarrior
88.8%
Hint Answer % Correct
Any ___ NowDay
87.9%
Better ___ SaulCall
86.9%
Walker ___ RangerTexas
86.3%
Grace ___ FireUnder
83.7%
Joanie ___ ChachiLoves
80.5%
Hill ___ BluesStreet
80.4%
The ___ FilesRockford
48.7%
666 ___ AvenuePark
45.3%
New ___ RevueZoo
41.2%
Death ___ DaysValley
32.8%
Judge ___ DeedJohn
30.6%
The ___ NoseQueen's
17.3%

Today's Daily Dose

You're not logged in!

Compare scores with friends on all Sporcle quizzes.
OR
Log In

You Might Also Like...

Show Comments

Extras

Top Quizzes Today


Score Distribution

Your Account Isn't Verified!

In order to create a playlist on Sporcle, you need to verify the email address you used during registration. Go to your Sporcle Settings to finish the process.

Report this User

Report this user for behavior that violates our Community Guidelines.

Details: